1484 1879 1147 1542 1369 1216 1586 1565 1562 1494 1304 1182 1969 1624 1741 1850 1124 1533 1368 1875 1411 1013 1729 1814 1101 1684 1594 1555 1177 1313 1676 1143 1892 1071 1751 1997 1037 1157 1587 1056 1279 1093 1607 1437 1828 1703 1914 1303 1523 1065 1321 1434 1071 1124 1563 1347 1922 1716 1088 1312 1903 1419 1862 1621 1096 1657 1748 1776 1682 1478 1081 1087 1264 1531 1955 1269 1859 1673 1411 1104 1981 1926 1853 1548 1602 1780 1850 1686 1670 1468 1061 1481 1425 1641 1448 1344 1507 1158 1971 BCNSPRNW ULIB Ver.6.0+V

เปลี่ยนเป็นภาษาไทย

Change to English
 แสดงรายละเอียดบรรณานุกรม
  กลับหน้าหลัก

Brief Record : Get Marc (ISO 2709) : E-mail record : QR code < ปิดหน้าต่าง
LEADER : 00000nam 2200000uu 4500
001    13399127709
003     ULIB
008    020711s2563 th a 000 0 tha d
060    ^aWY160^bศ169ค
100    ^aศราวุธ ภู่บุญ
245    ^aคู่มือการดูแลผู้ป่วยจิตเวชมีพฤติกรรมก้าวร้าวรุนแรงที่มารับบริการในคลินิกจิตเวชฉุกเฉินโรงพยาบาลจิตเวชนครสวรรค์ราชนครินทร์
250    ^aพิมพ์ครั้งที่ 1
260    ^aนครสวรรค์ :^bกลุ่มงานการพยาบาลผู้ป่วยจิตเวชฉุกเฉิน โรงพยาบาลจิตเวชนครสวรรค์ราชนครินทร์,^c2563
300    ^a50 หน้า;^b30 ซม.
650    ^aการพยาบาล-ผู้ป่วยจิตเวช
945    ^p0^l0^i008034
999    ^aประนอม เกษจรัล
รายการนี้ยังไม่มีแท็ก
คุณยังไม่ได้ล็อกอิน คุณสามารถมีกิจกรรมร่วมกับเว็บไซต์ได้ แต่ต้องล็อกอินก่อน ::
  ล็อกอิน

รายการสื่อสารสนเทศ

ลำดับที่ ประเภท เลขเรียก/บาร์โค้ด สถานที่ สถานะ
1. Book การพยาบาล
Book การพยาบาล
WY160 ศ169ค ฉ.1 
  Barcode: 008034
ห้องสมุดวิทยาเขตสวรรค์ประชารักษ์
►หนังสือทั่วไป
บนชั้น

BibComment


ยังไม่เคยถูกคอมเมนท์

คอมเมนท์ทรัพยากรรายการนี้
  คอมเมนท์: คู่มือการดูแลผู้..


 Copyright 2026. Bcnsprnw @Library